000 00331 a2200133 4500
005 20260313133125.0
020 _a978126688620
100 _aFERREII,O
245 _aBussiness
260 _aNew york
_bMcgraw Hill LLC
_c2024
300 _axvii,380p;ill;graph,picture,map
_bNotes
_c28cm
700 _aHIRT,G FERRELL,L
942 _2ddc
_cBKS
999 _c6811
_d6811